Statistics for STAR WARS Clone Characters (Dificulty: Insane)

Click here to take the quiz!

General Stats

  • This quiz has been taken 915 times
    (787 since last reset)
  • The average score is 37 of 225

Answer Stats

Year Killed, Killed By, and Place Killed (If Applicable)Identification Number (If Applicable or Known)GroupRanks HeldWeaponsNotable QuotesHintAnswer% Correct
CT-7567501st LegionCaptain, CommanderCommander of the 501st Legion, 2nd-in-command to Anakin SkywalkerRex
87%
RC-8015Fi
79%
Fi
79%
CT-2224212th Attack BattalionCommander, Marshal Commander“This is personal for us clones.”Obi-Wan Kenobi's 2nd-in-commandCody
77%
22 BBY, Mace Windu, GeonosisN/AN/A-“They’ll do their job well. I’ll guarantee that.” -“I’m just a simple man trying to make my way in the universe.”Clone template, bounty hunter, decapitated by Mace Windu on GeonosisJango Fett
77%
19 BBY, Commander Fox (CT-1010), CoruscantCT-5555 (CT-27-5555)501st Legion/Domino SquadSergeant“This...it’s...bigger than any of us...than anything I could have imagined. I-I never meant to...I only wanted to do my duty. The mission...the nightmares...they’re...finally over.”ARC Trooper, 501st, caught disobeying orders, killed by CT-1010 by order of Chancellor Sheev Palpatine to cover up Order 66Fives
74%
CT-1409 (CT-21-0408)501st Legion/Domino SquadCorporal, Sergeant-“This is our home. This is our war.” -“I’m the best chance we have...”Fellow ARC Trooper of ^, thought to be killed in the infiltration of the CitadelEcho
70%
CT-0050N/A“He’s no good to me dead.”Unaltered clone, becomes legendary bounty hunter who hunts Han Solo in the Imperial EraBoba Fett
64%
19 BBY, Coruscant, Anakin Skywalker/Darth VaderCT-1010Coruscant GuardCommanderLeader of the Coruscant Guard and Republic ShocktroopersFox
64%
CT-0000/1010SergeantFox
63%
CT-3636104th Battalion“Commander, we are taking you in.”Plo Koon's 2nd-in-commandWolffe
54%
19 BBY, Minch Yoda, KashyyykCT-100441st Elite CorpsCommander of the 41st Elite Corps, Luminara Unduli's 2nd-in-commandCommander Gree
53%
Sacrificed himself to destroy a droid supply ship, over Umbara501st Legion“Live to fight another day, boys. Live to fight another day.”Impulsive and reckless clone, sacrificed himself to destroy a droid supply shipHardcase
53%
19 BBY, ARC Trooper Fives (CT-5555) and Droid AZI-3 (Indirectly, by removing his inhibitor chip), KaminoCT-5385501st Legion“This is the end. Forget the mission. Oh, the nightmare. I’m... free.”This clone's biological control chip malfunctioned, causing him to carry out Order 66 (the order to eliminate all of the jedi) earlyTup
53%
22 BBY, Self-Sacrifice, Rishi MoonCT-782Domino SquadShort-tempered, reckless, snarky clone who likes to use heavy weapons, sacrifices himself to take out a unit of Commando DroidsHevy
52%
19 BBY, Anonymous Clone trooper, Umbara212th Attack Battalion“Why do we always get the fun missions?”Member of the 212th Attack Battalion's Ghost Company, always fights alongside the trooper belowWaxer
52%
212th Attack Battalion“I guess we’re the best.”Member of the 212th Attack Battalion's Ghost Company, always fights alongside the trooper aboveBoil
51%
CT-5597501st LegionSergeant501st Legionary Trooper turned ARC Trooper, caught disobeying ordersJesse
51%
501st Legion“I...I had to... he betrayed us!”Blindly faithful to a reckless jedi general named Pong Krell, but later shoots the general when he reveals that he has pledged himself to the Confederacy of Independent Systems and the Dark Side.Dogma
50%
1 BBY, Anonymous Imperial Gunner, LothalCT-5576-39212th Attack Battalion, Foxtrot GroupCaptain, Commander“It was an honor to fight with you for something we chose to believe in.”Clone Commando, leader and sole survivor of Foxtrot Group at the Battle of Sarrish, took on many droids to let Colonel Meebur Gascon and D-Squad escape Abafar. After the Clone War, he joined CT-7567 and CT-3636 in retirement on planet Seelos, where they were recruited by the Alliance To Restore The Republic. Gregor died with honor on planet Lothal fighting to end the tyranny of the Empire.Gregor
50%
19 BBY, Roan Shryne, KashyyykCT-1119501st LegionSergeant, Commander“I’m sorry, sir. It’s time for you to leave”501st officer, kills Zett JukassaAppo
49%
Other ClonesDeserter clone who took the name Cut Lawquane and lives as a farmer on SaleucamiCrusher
48%
Clone Force 99 (The "Bad Batch")SergeantLeader/tracker of Clone Force 99Hunter
47%
CT-6116501st Legion“Sir, as the team medic, when it comes tthe health of the men, including you, I outrank everyone.”501st clone medicKix
47%
CT-5052327th Star CorpsCommander of the 327th Star Corps, Aayla Secura's 2nd-in-commandCommander Bly
45%
Clone Force 99 (The "Bad Batch")“I assume that was a rhetorical question?”Clone Force 99's resident geniusTech
45%
Clone Force 99 (The "Bad Batch")“I get to blow it up!? The whole stinking thing!? This is the happiest day of my life.”Clone Force 99's short-tempered bruiserWrecker
45%
Aurra Sing, Aboard Slave ICT-41191st Mobile Reconnaissance Corps, Lightning SquadronMace Windu's 2nd-in-commandCommander Ponds
43%
Clone Force 99 (The "Bad Batch")“We don’t usually work with regs.”Clone Force 99's sniperCrosshair
43%
22 BBY, Rishi Space Eel, Rishi MoonCT-4040Domino SquadThis clone likes to joke about everything, he was killed and eaten by a Rishi Space Eel at the Rishi Moon Outpost while escaping from a Commando Droid attack on/takeover of the outpostCutup
43%
22 BBY, BX-Series Commando Droid, Rishi MoonCT-00-2010Domino SquadThis clone was attacked by droids and used as bait in training sessions the most, he was the first to be killed in a Commando Droid attackDroidbait
41%
CT-99Other ClonesDeformed clone who lives on Kamino and serves as a janitor, but was killed by being blasted in the back during the Droid Army's assault on KaminoShorty (Clone 99)
41%
19 BBY, B2-Series Super Battle Droid, ScipioCoruscant GuardCommander“For the Republic!”Valiant Coruscant Guard commander who took on a few hundred droids with his Z-6 Rotary Blaster Cannon, nicknamed the "Hammer", to protect Senator AmidalaThorn
38%
Cad Bane, Seperatist frigate over Devaron501st Legion“Hold it right there! You’re not going anywhere, bounty hunter.”Takes on Cad Bane, who steals his armorDenal
34%
CT-113821st Nova CorpsCommander of the 21st Nova Corps (nicknamed the Galactic Marines), Ki-Adi Mundi's 2nd-in-commandCommander Bacara
33%
CT-2237Clone Pilots212th Battalion's best pilotPilot Commander Oddball
33%
CT-4477Coruscant GuardLieutenant, CommanderCoruscant Guard member who accompanied Jedi Master Yoda to a diplomatic negotiation with the Toydarians on RugosaThire
33%
CT-882691st Mobile Reconnaissance CorpsCommander of the 91st BARC Trooper Recon Corps, Stass Allie's 2nd-in-command, kills her on a speeder bike on SaleucamiCommander Neyo
31%
21 BBY, Asajj Ventress, KaminoARC Rancor BattalionCommanderThis clone was killed by Asajj Ventress during the Droid Army's assault on KaminoColt
30%
CT-5869Coruscant GuardCommanderCoruscant Guard commander who accompanied Jar Jar Binks And Senator Kharrus to FlorrumStone
30%
Other ClonesClone traitor paid off by Ventress (who offered him freedom)Sergeant Slick
28%
B1-Series Battle Droid, RylothOther ClonesIma-Gun Di's 2nd-in-commandCommander Keeli
26%
Coruscant Guard“Okay clankers, suck laser!”Coruscant Guard member who specializes in weapons, accompanied Yoda with the two above troopersJek
26%
22 BBY, Malevolence’s Ion Cannon, over RyndelliaShadow SquadronShadow Squadron PilotPilot Corporal Matchstick
26%
Clone Pilots501st Legion LAAT Gunship pilotPilot Commander Hawk
25%
14th Infantry BrigadeTiplar's and Tiplee's 2nd-in-command in the Battle Of Ringo VindaCommander Doom
24%
22 BBY, Gor (Grievous' pet roggwart), Vassek 3CT-3714Other ClonesServed under Kit Fisto in the infiltration of General Grievous' lairCommander Fil
24%
Other ClonesCommander of a Special-Ops Clone Force whose unit is trained to use heavy weaponry (specifically flamethrowers), served under Ki-Adi Mundi during the second battle of GeonosisCommander Jet
24%
21 BBY, B2-Series Super Battle Droid, KaminoARC Rancor BattalionCommanderThis clone was killed by a blaster bolt to the head during the Droid Army's assault on Kamino. He was an ARC Trooper CommanderHavoc
24%
CT-9529Tango CompanyMember of the trooper squad infected by Genosian Brain WormsHavoc
24%
Variable Geometry Self-Propelled Battle Droid Mark I (Vulture Droid), over RylothClone PilotsV-19 Torrent Starfighter pilot, and Blue Squadron Leader, was killed in Ryloth's atmospherePilot Sergeant Axe
24%
104th BattalionScarred clone in the 104th BattalionBoost
23%
RC-1138Delta Squad (617th Attack Battalion)Delta Squad leaderDelta Squad Elite Commando Sergeant Boss (Delta Squad Leader)
23%
Coruscant GuardCoruscant Guard member who specializes in predicting enemy strategies, accompanied Yoda with the trooper above and the trooper belowRys
23%
104th BattalionSergeantSnarky clone officer in the 104th BattalionSinker
23%
ARC Rancor BattalionCommanderThe only ARC Trooper Commander to survive the Droid Army's assault on KaminoBlitz
22%
501st LegionInvaded the Citidael on the planet Lola Sayu, fell onto and triggered an electromine while climbing the Citidael, which killed himCharger
22%
Other ClonesKilled by 2 Mastiff Phalones on MaridunLucky
22%
21 BBY, SD-K4 Assassin Droid, aboard the Coronet501st LegionClone killed by assassin probes on Duchess Satine Kryze's shipRedeye
22%
RC-1207Delta Squad (617th Attack Battalion)Delta Squad's sniper, has a grim sense of humor and an extreme hatred of GeonosiansDelta Squad Elite Commando Private Sev
21%
RC-1140Delta Squad(617th Attack Battalion)Delta Squad's technology and data slicing expertDelta Squad Elite Commando Private Fixer
20%
RC-1262Delta Squad(617th Attack Battalion)Delta Squad's explosives and incendiary devices expert, also the squad's heaviest hitterDelta Squad Elite Commando Private Scorch
20%
44th Special Operations Division, Devil DogsFixer
20%
RC-1309Niner
20%
Niner
20%
CT-55/11-9009Clone PilotsClone ARC-170 Starfighter pilot who shot down Plo Koon on Cato NeimoidiaPilot Captain Jag
20%
104th BattalionCorporalThis clone has been on many missions, including rescuing Jedi Masters Skywalker and Windu from a downed cruiser on the planet VanquorComet
19%
Other ClonesARF Trooper Commander killed by Savage Oppress on DevaronCommander Trauma
19%
Coruscant GuardSergeantAdvanced Recon Force Trooper in the Coruscant Guard, his forces use Massiffs (his Massif is named Grizzer) for tracking criminals and fugitives for the RepublicHound
19%
212th Attack BattalionInvaded the Citidael on the planet Lola Sayu, was electrocuted to death by a electric defense fieldLongshot
19%
21 BBY, SD-K4 Assassin Droid, aboard the Coronet501st LegionClone killed by assassin probes on Duchess Satine Kryze's shipMixer
19%
Other ClonesOne of the above traitor's men, who the traitor attempts to blame for his crimes (This clone was found to have taken forbidden items [Battle Droid fingers] from the battlefield, which his sergeant [the traitor] tried to use to blame him, but failed)Chopper
18%
19 BBY, Caleb Dume and Janus Kasmir, over LahnCT-10/994Depa Billaba's BattalionCommander“Good soldiers follow orders.”Depa Billaba's 2nd-in-commandGrey
18%
Lock
18%
501st LegionKilled by land mines on UmbaraRingo
18%
Other ClonesKit Fisto's 2nd-in-command in the 155th Scuba BattalionCommander Monnk
17%
501st LegionKilled by land mines on UmbaraOz
17%
Clone PilotsExperienced Shadow Squadron BTL-B Y-Wing Starfighter pilot who helped destroy The MalevolencePilot Commander Broadside
17%
CT-57/11-9048Clone PilotsExtremely skilled 104th Battalion clone pilot who can almost keep up with Jedi General Plo KoonPilot Sergeant Warthog
17%
21 BBY, Zillo Beast, CoruscantOther ClonesClone guarding the Zillo Beast's cell on Coruscant who questions the purpose of his postKosmos
16%
Clone PilotsSpecial Ops pilot commander, flew a stealth ship against Admiral TrenchPilot Commander Blackout
16%
21 BBY, Pelta-Class Frigate TB-73, Barriss OffeeCT-9632Tango CompanySergeant of the trooper squad infected by Genosian Brain WormsTrap
16%
41st Elite CorpsThis clone was killed by Geonosians when they took Luminara Unduli in the Geonosian Progate TempleBuzz
15%
Other ClonesKilled by 2 Mastiff Phalones on MaridunCameron
15%
Other ClonesKilled by 2 Mastiff Phalones on MaridunFlash
15%
22 BBY, Malevolence’s Ion Cannon, over RyndelliaShadow SquadronShadow Squadron PilotPilot Corporal Tag
15%
212th Attack BattalionCommander Cody's best data slicer, helped Cody and Obi-Wan Kenobi find General Greivous on SaleucamiCrys
14%
212th Attack BattalionWas killed by Geonosian Zombies in the catacombs under the Geonosian Progate Temple when heading up to the surface to call for helpGearshift
14%
21 BBY, Zillo Beast, MalastareOther ClonesThis trooper investigated the Zillo Beast's crater on the planet MalastareHawkeye
14%
CT-65/91-6210Other ClonesTsui Choi's 2nd-in-commandCommander Deviss
13%
Tango CompanyMember of the trooper squad infected by Genosian Brain WormsOx
13%
CT-691091st Mobile Reconnaissance Corps, Lightning SquadronRazor
13%
CT-342391st Mobile Reconnaissance Corps, Lightning SquadronAn ARF Trooper (part of AT-RT Lightning Squadron) under Mace Windu on RylothStak
13%
212th Attack BattalionThis trooper investigated the Zillo Beast's crater on the planet Malastare, fought at the Second Battle of Geonosis.Trapper
13%
CT-17Alpha
12%
Bel
11%
41st Elite CorpsDraa
11%
CT-53/21-8778327th Star Corps, 41st Elite Corps, Green SquadronAlso known as green leader, killed by Asajj Ventress during her mission to free Nute GunrayGreen
11%
Cad Bane, Seperatist frigate over Devaron501st LegionTakes on Cad Bane With the trooper aboveKoho
11%
CT-1284Clone PilotsRookie clone pilot who served on the stealth ship with the above clonePilot Corporal Spark
11%
CT-9544Tango CompanyFirst clone to be infected by brain worms on GeonosisScythe
11%
Other ClonesThis clone was tasked with transporting Jedi Grand Master Yoda to the neutral moon of Rugosa to meet with the Toydarian King Katuunko, in order to urge the nearby planet of Toydaria to side with the Galactic Republic. In orbit of the moon, this clone's Consular-class cruiser was ambushed by two Confederate frigates, and Yoda was forced to take an escape pod to the surface of Rugosa, leaving this clone and the ship to retreatCaptain Zak
10%
Other ClonesOne of the traitor's menGus
10%
Other ClonesOne of the traitor's menJester
10%
Clone PilotsBlue Squadron PilotPilot Corporal Kickback
10%
Variable Geometry Self-Propelled Battle Droid (Vulture Droid), over RylothClone PilotsBlue Squadron Pilot, killed in Ryloth's atmospherePilot Corporal Slammer
10%
Clone PilotsBlue Squadron PilotPilot Corporal Swoop
10%
Variable Geometry Self-Propelled Battle Droid (Vulture Droid), over RylothClone PilotsBlue Squadron Pilot, killed in Ryloth's atmospherePilot Corporal Tucker
10%
212th Attack BattalionPart of Cody's Ghost Company on RylothWooley
10%
CT-2207501st LegionBoomer
9%
CT-9538Tango CompanyMember of the trooper squad infected by Genosian Brain WormsEdge
9%
CadetsCadet who tries to help Boba Fett when he is picked on by other cadetsJax
9%
Killer
9%
CT-9521Tango CompanyMember of the trooper squad infected by Genosian Brain WormsPulsar
8%
One of the traitor’s menPunch
8%
Other ClonesOne of the traitor's menSketch
8%
RC-3222Atin
7%
Other Clones7th Battalion commander, Quinlan Vos' 2nd-in-commandCommander Faie
7%
CT-4981Shadow Squadron, Imperial NavyContrail
7%
RC-1136Darman
7%
Goji
7%
CadetsCadet who picks on Boba FettHotshot
7%
CT-472501st LegionRidge
7%
19 BBY, Caleb Dume and Janus Kasmir, over LahnDepa Billaba's BattalionCaptainThe above trooper's fellow commanderStyles
7%
CT-6454501st LegionBow
6%
Other ClonesCommander of a special unit of the Galactic Marines, Kai Hudorra's 2nd-in-commandCommander Keller
6%
CT-2242Cooker
6%
Engle
6%
CT-23/1004501st LegionKano
6%
Other ClonesLeader of a squad of cadets that Boba Fett infiltrates in order to kill Mace WinduSergeant Crasher
6%
CT-1174CadetsCadet who picks on Boba FettWhiplash
6%
Other ClonesCommander of a battalion of cold weather assault troopers on Orto Plutonia, killed by Talz with the clone trooper belowCommander Mag
5%
RC-5108/8843Corr
5%
44th Special Operations Division, Devil DogsDeadeye
5%
Falco
5%
Rod
5%
CT-19-7409Other ClonesSergeant killed by commando droids on the Rishi Moon OutpostSergeant O'Niner
5%
CT-4012Sharp
5%
224th Battalion, Mud-Jumpers, 44th Special Operations Division, Devil DogsSharp
5%
Other ClonesCold weather assault trooper on Orto Plutonia, killed by Talz with the clone trooper aboveShiv
5%
19 BBY, Mygeeto, Coburn SearCT-1157PrivateStance
5%
Stew
5%
Threepwood
5%
Vill
5%
Other ClonesCommando (Ion Team's Leader) who fought with Jedi General Roan Shryne on Deko Neimoidia (the second Neimoidian planet [Cato Neimoidia was the first]) and on Murkhana with the rest of Ion TeamARC Trooper Climber
4%
Other ClonesIon Team's Communications SpecialistARC Trooper Ras
4%
Other ClonesIon Team's Weapons SpecialistARC Trooper Trace
4%
19 BBY, Caleb Dume, KallerCorporalBig-Mouth
4%
CT-5/501Luminara’s consular frigateBlue
4%
CT-8863Breaker
4%
Breaker
4%
Chatter
4%
CT-4572Other Clones612th Attack Battalion commander, was Bolla Ropal's 2nd-in-command until General Ropal died, and then became Keelyvine Resus' 2nd-in-commandCommander Ganch
4%
Other ClonesAres Nune's 2nd-in-commandCommander Kite
4%
Cutter
4%
CT-42Shadow 3Delta
4%
Other ClonesBest friend of the above clone trooper, the above trooper wrote letters to him even after this trooper's death on ChristophsisFlanker
4%
CT-6734Galle
4%
Imperial NavyClone who serves as commander of Vader's Personal Guard on MurkhanaLieutenant Crest
4%
19 BBY, Kaller, Depa BilabaMixx
4%
Clone PilotsClone pilot tasked with flying Representative Binks and Senator Kharrus to Florrum, dies in the crash after the ship is shot down by Weequay piratesPilot Sergeant Mack
4%
CT-3899501st LegionRookie
4%
19 BBY, Caleb Dume, KallerSergeantSoot
4%
CT-2801Tacks
4%
Tracker
4%
CT-77Other ClonesThis trooper was an Advanced Recon Commando commander. He was assigned to a task force led by the Jedi Knight General Obi-Wan Kenobi, to take the Confederate-held world of Muunilinst. Together with a group of clone troopers that would later come to be known as The Muunilinst 10, this clone proved instrumental in the Battle of Muunilinst, leading his troops to destroy an enemy artillery emplacement, and then helping Kenobi capture the enemy leader, San HillARC Trooper Commander Fordo
3%
Squadron LeaderGold Leader at AnaxesBammer
3%
CT-7719Banks
3%
44th Special Operations Division, Devil DogsBlunt
3%
Cannon
3%
Other ClonesThis clone rescued the survivors from the explosion on board the Venator-class Star Destroyer Endurance. He was waiting for Anakin Skywalker and Mace Windu to give the word on Admiral Kilian and Commander Ponds. However, he was later told there was no sign of Kilian or Ponds in the wreckage and to leave by Anakin Skywalker and Mace Windu. He then transported the survivors to the near by medical stationCaptain Silver
3%
CT-5177Chatterbox
3%
CT-3388/0021Other ClonesAlso known as "Tactful", was a clone commander stationed on the planet of Qiilura under General Etain Tur-Mukan. He commanded the 35th Infantry there while General Tur-Mukan attempted to negotiate with Human colonists there, as the Galactic Republic was being blackmailed by the native Gurlanins into leaving the planetCommander Levet
3%
CT-4142442nd Siege Battalion, Horn CompanyHorn Company Commander, Eeth Koth's 2nd-in-commandCommander Lock
3%
Crag
3%
Contrail’s gunnerFireball
3%
Shadow SquadronFlyby
3%
Ghost
3%
Glitch
3%
CT-19/39(Green) Wizard
3%
Kagi
3%
19 BBY, Kaller, Depa BilabaKaylon
3%
Lassar
3%
CT-26Maze
3%
19 BBY, Kaller, Depa BilabaRemo
3%
CT-828Imperial NavyStationed aboard the star destroyer Vehement, involved in the hunt for a rebel unit known as the ShrikesSergeant Torrent
3%
Clone PilotsShooter
3%
CT-1127/549Sicko
3%
CT-36/732Sirty
3%
44th Special Operations Division, Devil DogsSpitter
3%
Squawk
3%
44th Special Operations Division, Devil DogsSten
3%
CT-6824501st LegionSwitch
3%
Senate CommandosCaptainSenate Commando trooper who led the troopers guarding the meeting between Republic and Seperatist Senators on MandaloreTaggart
3%
Gold sixTracer
3%
Close-Shave
2%
Other ClonesRoan Shryne's 2nd-in-commandCommander Salvo
2%
Other ClonesLeader of Excelsior Company, his clone unit eliminated droid forces—under the command of Confederate General Grievous—on the ice planet of Ando PrimeCommander Vargus
2%
Crazy Legs
2%
CT-327
2%
Dyre
2%
CT-001Shadow 7Gamble
2%
44th Special Operations Division, Devil DogsJark
2%
CT-147Luminara’s geonosis gunshipJinx
2%
CT-1000Shadow 10Klick
2%
Knuckles
2%
CT-96/298 (CT-98)Nate
2%
No-Nines
2%
CT-1080Shadow 4Ronto
2%
CT-1155Shadow 12Skifter
2%
Flew at QuellStinger
2%
Syke
2%
Trueblood
2%
Valiant
2%
Flew Twilight at Ruusan 2Wingnut
2%
CT-270Xutoo
2%
CT-1477
1%
CT-802
1%
CT-914
1%
CT-915
1%
CT-9779
1%
CT-01/425
0%
CT-014/783
0%
CT-66-3232
0%
CT-6/774
0%

Score Distribution

Percentile by Number Answered

Percent of People with Each Score

Your Score History

You have not taken this quiz since the last reset